| 000 | 00374nam a2200145Ia 4500 | ||
|---|---|---|---|
| 008 | 191201s2004 xx 000 0 und d | ||
| 082 |
_a51905 _bMIJ |
||
| 100 | _aMILLER, Irwin | ||
| 245 | 0 | _aJohn E Freund's Mathematical Statistics with Applications | |
| 250 | _a7th | ||
| 260 |
_aN.Delhi _bPearson Education _c2004 |
||
| 300 | _a614 | ||
| 650 | _aApplied | ||
| 942 |
_2ddc _cBK |
||
| 999 |
_c1961 _d1961 |
||